| 000 | 00372nam a22001457a 4500 | ||
|---|---|---|---|
| 082 |
_a621.81 _bIng _cD |
||
| 100 |
_aIngham Edward _942014 |
||
| 245 |
_aDraughtsmanship _cIngham Edward |
||
| 250 | _a2nd ed | ||
| 260 | _bThe bennett college | ||
| 300 |
_av, 239, p. : _bill. _c19 cm |
||
| 526 |
_a0 _b0 _c0 _d621_810000000000000_ING |
||
| 650 |
_aMCE _9379 |
||
| 942 |
_2ddc _cBK |
||
| 999 |
_c546019 _d546019 |
||